Statistics for Disputed Territories Flag-Shape

Click here to take the quiz!

General Stats

  • This quiz has been taken 2,848 times
    (2,793 since last reset)
  • The average score is 10 of 14

Answer Stats

Answer% Correct
Kosovo
98%
Taiwan
97%
Western Sahara
89%
Palestine
86%
Northern Cyprus
78%
Falkland Islands
75%
Crimea
70%
Abkhazia
64%
Somaliland
64%
Transnistria
64%
South Ossetia
63%
Artsakh
54%
Darfur
31%
Jammu and Kashmir
26%

Score Distribution

Percentile by Number Answered

Percent of People with Each Score

Your Score History

You have not taken this quiz since the last reset